Real Madrid Record Transfer Fee Signings - Statistics

General Stats
  • This quiz has been taken 921 times
    660 since last reset
  • The average score is 19 of 25
Answer Stats
# Fee Season Arrived From Answer % Correct
4 €94.00m 2009/10 Manchester United Cristiano Ronaldo
99%
1 €115.00m 2019/20 Chelsea Eden Hazard
97%
3 €101.00m 2013/14 Tottenham Hotspur Gareth Bale
97%
2 €103.00m 2023/24 Borussia Dortmund Jude Bellingham
97%
13 €45.00m 2002/03 Inter Milan Ronaldo
97%
10 €60.00m 2000/01 Barcelona Luis Figo
94%
6 €77.50m 2001/02 Juventus Zinédine Zidane
91%
13 €45.00m 2018/19 Flamengo Vinícius Júnior
89%
5 €80.00m 2022/23 AS Monaco Aurélien Tchouaméni
87%
13 €45.00m 2019/20 Santos FC Rodrygo
86%
8 €67.00m 2009/10 AC Milan Kaká
85%
19 €35.00m 2012/13 Tottenham Hotspur Luka Modric
84%
16 €42.50m 2024/25 Palmeiras Endrick
81%
19 €35.00m 2009/10 Olympique Lyon Karim Benzema
81%
9 €63.00m 2019/20 Eintracht Frankfurt Luka Jovic
74%
18 €37.50m 2003/04 Manchester United David Beckham
73%
7 €75.00m 2014/15 AS Monaco James Rodríguez
73%
11 €50.00m 2019/20 FC Porto Éder Militão
70%
12 €48.00m 2019/20 Olympique Lyon Ferland Mendy
68%
19 €35.00m 2018/19 Chelsea Thibaut Courtois
66%
25 €33.00m 2010/11 Benfica Ángel Di María
63%
24 €34.50m 2009/10 Liverpool Xabi Alonso
57%
17 €38.00m 2015/16 Inter Milan Mateo Kovacic
45%
19 €35.00m 1999/00 Arsenal Nicolas Anelka
40%
19 €35.00m 2007/08 Chelsea Arjen Robben
37%
No matching quizzes found
Score Distribution
Percent of People with Each Score
Percentile by Number Answered
Your Score History
You have not taken this quiz since the last reset